000 01337nam a2200253 i 4500
001 98515
003 ES-MaACL
005 20230906182313.0
007 t|
008 050929s1639 sp ||||1|cspa d
100 1 _aPizarro y Orellana, Fernando.
_992453
245 1 0 _aVarones ilustres del Nuevo Mundo :
_bdescubridores, conquistadores y pacificadores del... Imperio de las Indias Occidentales : sus vidas, virtud, valor, hazañas y claros blasones... : con un discurso legal de la obligación que tienen los reyes a premiar los servicios de sus vasallos... /
_cFernando Pizarro y Orellana.
260 _aEn Madrid :
_bpor Diego Díaz de la Carrera, a costa de Pedro Coello,
_c1639.
300 _a12 h., 427, 72 p., 16 h. ;
_c29 cm.
530 _aDisponible en formato digital.
594 _aDatos tomados de los preliminares y de Palau y Dulcet. Manual del librero hispano-americano, v. 13, p. 294, rfa. 227687.
597 _aEjemplar sin portada y hojas siguientes.
650 1 4 _aConquistadores-
_zAmérica-
_xBiografías.
_9155640
650 4 _aConquistadores-
_zEspaña-
_xBiografías.
_9155641
700 1 _aCoello, Pedro.
_9155642
700 1 _aDíaz de la Carrera, Diego.
_9126903
852 4 _aES-MaACL
_jR-1118
_xOlim: G-7625
856 4 _uhttp://bdh-rd.bne.es/viewer.vm?id=0000092777&page=1
_zBiblioteca Digital Hispánica
999 _c98515
_d98515